Knowing animals (Record no. 22044)
[ view plain ]
| 000 -LEADER | |
|---|---|
| fixed length control field | 01340nam a2200361 a 4500 |
| 082 04 - DEWEY DECIMAL CLASSIFICATION NUMBER | |
| Classification number | 591.5/1 |
| 245 00 - TITLE STATEMENT | |
| Title | Knowing animals |
| 260 ## - PUBLICATION, DISTRIBUTION, ETC. (IMPRINT) | |
| Place of publication | Leiden ; |
| -- | Boston : |
| Name of publisher | Brill, |
| Year of publication | 2007. |
| 300 ## - PHYSICAL DESCRIPTION | |
| Number of Pages | xv, 296 p. : |
| Other physical details | ill. |
| 490 1# - SERIES STATEMENT | |
| Series statement | Human--animal studies, |
| 650 #0 - SUBJECT ADDED ENTRY--TOPICAL TERM | |
| Topical Term | Human-animal relationships. |
| Topical Term | Animal behavior. |
| Topical Term | Anthropomorphism. |
| 700 1# - ADDED ENTRY--PERSONAL NAME | |
| Personal name | Simmons, Laurence. |
| Personal name | Armstrong, Philip, |
| 856 40 - ELECTRONIC LOCATION AND ACCESS | |
| Uniform Resource Identifier | http://site.ebrary.com/lib/rucke/Doc?id=10271093 |
No items available.
